000 01080nas a2200361 4500
001 BR0302191
003 BR-BrBNA
005 20231205103742.0
007 ta
008 230509b bl.|||p| |||| 00| 00por d
040 _aBR-BrBNA
_bpor
_cBiblioteca Nacional de Agricultura
041 _a(Pt)
072 _aU10; H60
100 1 _aRizzardi, M.A.
100 1 _aFleck, N.G.
100 1 _aRiboldi, J.
100 1 _aAgostinetto, D.
245 1 _aAjuste de modelo para quantificar o efeito de plantas daninhas e época de semeadura no rendimento de soja
650 _aSOJA
650 _aGRÃO
650 _aPICÃO PRETO
650 _aMALVA BRANCA
650 _aDENSIDADE DE SEMEADURA
650 _aÉPOCA DE SEMEADURA
650 _aDESIDRATAÇÃO
650 _aPERDA DA PRODUÇÃO
650 _aRENDIMENTO
650 _aMODELO MATEMÁTICO
650 _aRIO GRANDE DO SUL
773 0 _tPesquisa Agropecuária Brasileira (Brazil)
_xISSN 0100-204X
_g(Jan 2003), v. 38(1) p. 35-43
_wBR0302191
909 _a202311
_bLúcia
_c55
_dLúcia Elande
942 _2AGRIS
_n0
_cANA
999 _c174540
_d174540